| 000 | 00458nam a2200169 i 4500 | ||
|---|---|---|---|
| 001 | bg | ||
| 245 | 0 |
_aFiziceskie osnovy rentgenospektral'nogo lokal'nogo analiza / _cPerev. s ang. |
|
| 260 |
_aMoskva : _bIzdat. "Nauka", _c1973. |
||
| 300 |
_as. 310, nlb. 1 : _brys., tabl. |
||
| 500 | _a[Alf. ros.]. | ||
| 504 | _a[Zawiera bibliogr.]. | ||
| 040 | _cBPK | ||
| 041 | _apol | ||
| 080 | _a543.42 | ||
| 942 | _cKS | ||
| 008 | s pl f |000 0 pol | ||
| 999 |
_c26677 _d26677 |
||